000 00440nam a2200133Ia 4500
008 170516s9999 xx 000 0 und d
245 _aDesigning 3D Mesenchymal Stem Cell Sheets Merging Magnetic and Fluorescent Features: When Cell Sheet Technology Meets Image-Guided Cell Therapy
260 _bTheranostics
260 _c2016
300 _a6:5
650 _xMedical Technology
650 _xMedtech
856 _uhttp://www.thno.org/v6i5
999 _c330166
_d330166